AFC Asian Cup Host Cities 1956-2027 - Statistics

General Stats
  • This quiz has been taken 68 times
  • The average score is 33 of 52
Answer Stats
Edition City % Correct
South Korea 1960 Seoul
100%
Thailand 1972 Bangkok
96%
Indonesia & Malaysia & Thailand & Vietnam 2007 Bangkok
96%
United Arab Emirates 1996 Dubai
94%
United Arab Emirates 2019 Dubai
94%
Hong Kong 1956 Hong Kong
94%
Israel 1964 Tel Aviv
94%
Qatar 1988 Doha
92%
Qatar 2011 Doha
92%
Qatar 2023 Doha
92%
Kuwait 1980 Kuwait City
92%
United Arab Emirates 1996 Abu Dhabi
90%
United Arab Emirates 2019 Abu Dhabi
90%
Australia 2015 Sydney
90%
China 2004 Beijing
88%
Israel 1964 Jerusalem
88%
Australia 2015 Melbourne
88%
Saudi Arabia 2027 Riyadh
88%
Iran 1968 Tehran
88%
Iran 1976 Tehran
88%
Australia 2015 Canberra
85%
Israel 1964 Haifa
85%
Indonesia & Malaysia & Thailand & Vietnam 2007 Jakarta
83%
Lebanon 2000 Beirut
81%
Indonesia & Malaysia & Thailand & Vietnam 2007 Hanoi
79%
Saudi Arabia 2027 Jeddah
79%
Indonesia & Malaysia & Thailand & Vietnam 2007 Kuala Lumpur
79%
Indonesia & Malaysia & Thailand & Vietnam 2007 Ho Chi Minh City
75%
Australia 2015 Brisbane
71%
Qatar 2023 Lusail
58%
Japan 1992 Hiroshima
56%
China 2004 Chengdu
52%
Saudi Arabia 2027 Dammam
52%
China 2004 Chongqing
50%
United Arab Emirates 2019 Sharjah
46%
Lebanon 2000 Tripoli
46%
Australia 2015 Newcastle
42%
Qatar 2023 Al Khor
35%
Iran 1976 Tabriz
35%
United Arab Emirates 1996 Al Ain
33%
United Arab Emirates 2019 Al Ain
33%
Qatar 2011 Al Rayyan
31%
Qatar 2023 Al Rayyan
31%
Indonesia & Malaysia & Thailand & Vietnam 2007 Palembang
27%
Lebanon 2000 Sidon
25%
Israel 1964 Ramat Gan
23%
Qatar 2023 Al Wakrah
21%
China 2004 Jinan
19%
Singapore 1984 Kallang
19%
Japan 1992 Onomichi
15%
Indonesia & Malaysia & Thailand & Vietnam 2007 Shah Alam
15%
Saudi Arabia 2027 Khobar
13%
No matching quizzes found
Score Distribution
Percent of People with Each Score
Percentile by Number Answered
Your Score History
You have not taken this quiz